| 000 | 00508cam a22001691 4500 | ||
|---|---|---|---|
| 082 |
_a531.32 _bBUR _cL-5, P-13 |
||
| 100 | 1 |
_aBurton, Ralph A. _939852 |
|
| 245 | 0 | 0 | _aVibration and impact. |
| 260 |
_aReading, Mass., _bAddison-Wesley Pub. Co. _c[1958] |
||
| 300 |
_a310 p. _billus. _c24 cm. |
||
| 526 |
_a0 _b0 _c0 _d531_320000000000000_BUR |
||
| 526 |
_a0 _b0 _c0 _d531_320000000000000_BUR |
||
| 526 |
_a0 _b0 _c0 _d531_320000000000000_BUR |
||
| 650 | 0 |
_aMCE _9379 |
|
| 650 | 0 |
_aVibration. _939230 |
|
| 942 |
_2ddc _cBK |
||
| 999 |
_c544270 _d544270 |
||